Application of Artificial Intelligence Methods in Business bakalárska práca

Uložené v:
Podrobná bibliografia
Hlavný autor: Ľudrovanová, Barbora
Korporativný autor: Fakulta podnikového manažmentu EU. Katedra podnikovohospodárska
Ďalší autori: Lešková, Radka, 1996-
Médium: Kniha
Jazyk:English
Vydavateľské údaje: Bratislava 2025
Tagy: Pridať tag
Žiadne tagy, Buďte prvý, kto otaguje tento záznam!

MARC

LEADER 00000nbm a2200000 4500
001 0309728
005 20260323103136.6
041 0 |a eng 
044 |a SK 
245 1 0 |a Application of Artificial Intelligence Methods in Business  |b bakalárska práca  |c Barbora Ľudrovanová ; školiteľ: Radka Lešková 
264 1 |a Bratislava  |c 2025 
300 |a 71 s. 
100 1 |a Ľudrovanová, Barbora 
700 1 |a Lešková, Radka, 1996- 
710 2 |a Fakulta podnikového manažmentu EU. Katedra podnikovohospodárska